000 00400nam a2200169Ia 4500
008 230524s9999 xx 000 0 und d
020 _a8123905386
082 _a693.71
_bSAB
100 _aElias G. Abu-saba
245 0 _aDesign of Steel Structures
250 _a1
260 _aNew Delhi
_bCBS
_c1997
300 _a"xiv,391p;"
500 _aQuantity Number: 2
650 _aCivil
942 _cBK
999 _c55342
_d55342